[Event "Madrid ch - Previa B 2013"]
[Site "Madrid ESP"]
[Date "2013.02.01"]
[Round "1.1"]
[White "Franco Rincon, David"]
[Black "Cano Cabanillas, Javier"]
[Result "0-1"]
[WhiteElo "1671"]
[BlackElo "1985"]
[PlyCount "80"]
[EventDate "2013.02.01"]
[EventType "swiss"]
[EventRounds "9"]
[EventCountry "ESP"]
[Source "lmi"]
[SourceDate "2013.02.01"]

1. b4 d5 2. Bb2 Bg4 3. d3 e6 4. Nd2 Nf6 5. a3 Nbd7 6. Ngf3 Bd6 7. e4 dxe4 8.
dxe4 O-O 9. Be2 Bxf3 10. Bxf3 Be5 11. c3 c5 12. Nc4 cxb4 13. Nxe5 Nxe5 14. cxb4
Nd3+ 15. Ke2 Nxb2 16. Qc2 Qd4 17. Rhc1 Rad8 18. Kf1 Qd3+ 19. Be2 Qxc2 20. Rxc2
Nd3 21. Rc7 Nf4 22. f3 Nxe2 23. Kxe2 Rd7 24. Rac1 Rxc7 25. Rxc7 Rb8 26. a4 Kf8
27. a5 Ke8 28. b5 Nd7 29. Ke3 Kd8 30. Rc3 Rc8 31. Rd3 Rc5 32. Rb3 a6 33. bxa6
bxa6 34. Ra3 e5 35. f4 exf4+ 36. Kxf4 Kc7 37. g4 Nb8 38. h4 Nc6 39. h5 Rxa5 40.
Rc3 Ra1 0-1

[Event "Madrid ch - Previa B 2013"]
[Site "Madrid ESP"]
[Date "2013.02.01"]
[Round "1.2"]
[White "Garcia-Ruiz Fuentes, Angel M"]
[Black "Rodriguez Sebastian, Roberto"]
[Result "1-0"]
[WhiteElo "1963"]
[BlackElo "1670"]
[PlyCount "105"]
[EventDate "2013.02.01"]
[EventType "swiss"]
[EventRounds "9"]
[EventCountry "ESP"]
[Source "lmi"]
[SourceDate "2013.02.01"]

1. e4 d6 2. d4 Nf6 3. Nc3 g6 4. Bg5 Bg7 5. Qd2 h5 6. f3 Nbd7 7. Nge2 c5 8.
O-O-O a6 9. Be3 cxd4 10. Nxd4 Qc7 11. Nde2 b5 12. Nf4 Bb7 13. Kb1 Rc8 14. Rc1
Nb6 15. Qd4 Nbd7 16. Nfd5 Nxd5 17. Nxd5 Bxd4 18. Nxc7+ Rxc7 19. Bxd4 Rg8 20. a3
e5 21. Be3 d5 22. exd5 Bxd5 23. a4 bxa4 24. Bxa6 Ke7 25. Bb5 Ra8 26. Rcd1 Bc6
27. Bxc6 Rxc6 28. Rd5 f6 29. Rhd1 Nb6 30. Bc5+ Kf7 31. Bxb6 Rxb6 32. Rd6 Rb5
33. Rd8 Ra6 34. R8d6 Ra8 35. Rd8 Ra6 36. R1d6 Rxd6 37. Rxd6 Ra5 38. Rd3 Ke6 39.
Ra3 Rd5 40. Kc1 Rd4 41. c3 Rc4 42. Kc2 Kd5 43. Ra1 Ke6 44. Kd3 Rh4 45. h3 Kd5
46. Re1 f5 47. Rh1 e4+ 48. fxe4+ fxe4+ 49. Ke3 Kc4 50. g3 Kb3 51. gxh4 Kxb2 52.
c4 a3 53. c5 1-0

[Event "Madrid ch - Previa B 2013"]
[Site "Madrid ESP"]
[Date "2013.02.01"]
[Round "1.3"]
[White "Yaniz Lana, Francisco Javier"]
[Black "Muñoz Cebey, Ricardo"]
[Result "1/2-1/2"]
[WhiteElo "1669"]
[BlackElo "1961"]
[PlyCount "75"]
[EventDate "2013.02.01"]
[EventType "swiss"]
[EventRounds "9"]
[EventCountry "ESP"]
[Source "lmi"]
[SourceDate "2013.02.01"]

1. d4 d5 2. Nf3 Nf6 3. g3 Bg4 4. Bg2 c6 5. O-O e6 6. c4 Nbd7 7. Be3 Be7 8. Nbd2
O-O 9. Qb3 Qb6 10. Qd3 Bf5 11. Qb3 Qxb3 12. axb3 Ne4 13. c5 Nxd2 14. Nxd2 e5
15. dxe5 Bxc5 16. Bxc5 Nxc5 17. f4 a6 18. b4 Nd7 19. e4 dxe4 20. Nxe4 Bxe4 21.
Bxe4 Rad8 22. Rfd1 Nb6 23. Bf3 Rfe8 24. Rxd8 Rxd8 25. Rd1 Rxd1+ 26. Bxd1 Nd5
27. b5 axb5 28. Bg4 Nb4 29. Bc8 b6 30. Bd7 Kf8 31. Kg2 Ke7 32. Bf5 g6 33. Be4
Ke6 34. Kf3 Nd5 35. h3 h5 36. g4 hxg4+ 37. hxg4 c5 38. Bb1 1/2-1/2

[Event "Madrid ch - Previa B 2013"]
[Site "Madrid ESP"]
[Date "2013.02.01"]
[Round "1.4"]
[White "Flores Carpintero, Luis A"]
[Black "Melcon Diez, Enrique"]
[Result "1-0"]
[WhiteElo "1939"]
[BlackElo "1669"]
[PlyCount "51"]
[EventDate "2013.02.01"]
[EventType "swiss"]
[EventRounds "9"]
[EventCountry "ESP"]
[Source "lmi"]
[SourceDate "2013.02.01"]

1. e4 c5 2. Nf3 g6 3. d4 cxd4 4. Qxd4 Nf6 5. Nc3 Nc6 6. Qa4 d6 7. e5 Nd7 8.
exd6 Nc5 9. Qf4 exd6 10. Bb5 Qe7+ 11. Be3 Ne6 12. Qg3 Bg7 13. Nd5 Qd8 14. c3
O-O 15. O-O Nc5 16. Bxc5 dxc5 17. Nc7 Rb8 18. Rad1 Bd7 19. Na6 Rc8 20. Nxc5 Nd4
21. Nxd7 Nxb5 22. Nxf8 Qxf8 23. Rd7 Qe8 24. Rxb7 Qe2 25. a4 Rd8 26. Rb8 1-0

[Event "Madrid ch - Previa B 2013"]
[Site "Madrid ESP"]
[Date "2013.02.01"]
[Round "1.6"]
[White "Largo Barbero, Benito"]
[Black "Morona Minguez, Miguel"]
[Result "1-0"]
[WhiteElo "1916"]
[BlackElo "1628"]
[PlyCount "77"]
[EventDate "2013.02.01"]
[EventType "swiss"]
[EventRounds "9"]
[EventCountry "ESP"]
[Source "lmi"]
[SourceDate "2013.02.01"]

1. Nf3 d5 2. d4 e6 3. Bf4 Nf6 4. e3 Nh5 5. Bg5 Be7 6. Bxe7 Qxe7 7. c3 O-O 8.
Bd3 Nf6 9. Nbd2 Nbd7 10. Ne5 Nxe5 11. dxe5 Nd7 12. h4 Nxe5 13. Bxh7+ Kxh7 14.
Qh5+ Kg8 15. Qxe5 Qd6 16. Qg5 Qd8 17. Qg3 Qd6 18. f4 Bd7 19. O-O-O Qa6 20. Kb1
Qd3+ 21. Ka1 Qg6 22. Qf2 a5 23. h5 Qf6 24. g4 e5 25. f5 a4 26. a3 c5 27. e4 d4
28. cxd4 cxd4 29. Nf3 Bc6 30. g5 Qe7 31. Qh4 Bb5 32. Rh2 Ra6 33. Rg1 Rc8 34. f6
Qe6 35. h6 gxf6 36. gxf6+ Kh8 37. Qg5 Rc1+ 38. Rxc1 Qxf6 39. Rc8+ 1-0

[Event "Madrid ch - Previa B 2013"]
[Site "Madrid ESP"]
[Date "2013.02.01"]
[Round "1.7"]
[White "Veiga Rodriguez, Pablo"]
[Black "Lopez Ziegler, Carlos"]
[Result "0-1"]
[WhiteElo "1610"]
[BlackElo "1911"]
[PlyCount "112"]
[EventDate "2013.02.01"]
[EventType "swiss"]
[EventRounds "9"]
[EventCountry "ESP"]
[Source "lmi"]
[SourceDate "2013.02.01"]

1. d4 d5 2. c4 c6 3. cxd5 cxd5 4. Bf4 Nc6 5. e3 Qb6 6. Qc2 Nf6 7. a3 Bf5 8. Qc5
Qxb2 9. Qc3 Qb6 10. Nd2 Rc8 11. Bd3 Nxd4 12. Qxd4 Qxd4 13. Bb5+ Kd8 14. exd4 e6
15. Be2 Rc3 16. Bd1 Rxa3 17. Rxa3 Bxa3 18. Bg5 Ke7 19. g4 Bg6 20. h4 h6 21.
Bxf6+ gxf6 22. Rh3 Bb2 23. Ne2 e5 24. Rb3 Ba1 25. Rxb7+ Kd6 26. Rxa7 Bxd4 27.
Nxd4 exd4 28. h5 Bd3 29. Nf3 f5 30. gxf5 Bxf5 31. Nxd4 Be6 32. Kd2 Ke5 33. Nc6+
Kd6 34. Nb4 Kc5 35. Nd3+ Kd6 36. Ra6+ Ke7 37. Nf4 Kf6 38. Nxd5+ Ke5 39. Ne3
Rd8+ 40. Kc3 Rc8+ 41. Kb4 Rb8+ 42. Ka3 Rb1 43. Ra4 Rb8 44. Ra5+ Kf4 45. Ra4+
Kg5 46. Ra5+ Kf4 47. Ra4+ Kg5 48. Ng2 Rb1 49. Ne3 Rb8 50. Rb4 Ra8+ 51. Ra4 Rb8
52. Bf3 Rb3+ 53. Ka2 Rxe3+ 54. Kb1 Rxf3 55. Ra5+ Bf5+ 56. Kc1 Rxf2 0-1

[Event "Madrid ch - Previa B 2013"]
[Site "Madrid ESP"]
[Date "2013.02.01"]
[Round "1.8"]
[White "Rodriguez Del Pino, Daniel"]
[Black "Rottenwoerer, Christoph"]
[Result "1-0"]
[WhiteElo "1906"]
[BlackElo "1609"]
[PlyCount "93"]
[EventDate "2013.02.01"]
[EventType "swiss"]
[EventRounds "9"]
[EventCountry "ESP"]
[Source "lmi"]
[SourceDate "2013.02.01"]

1. e4 c5 2. Nf3 g6 3. d4 cxd4 4. Qxd4 Nf6 5. Nc3 Bg7 6. Be3 O-O 7. Qd2 Qa5 8.
O-O-O Nc6 9. Bh6 Nxe4 10. Nxe4 Qxa2 11. c3 Nb4 12. cxb4 Qa1+ 13. Kc2 Qxb2+ 14.
Kd3 Qb3+ 15. Nc3 Bxc3 16. Qxc3 Qxd1+ 17. Nd2 f6 18. Bxf8 Kxf8 19. g3 d5 20. Bg2
Bf5+ 21. Ke3 Qa4 22. Ra1 Qd7 23. Nb3 e5 24. Qc5+ Kg7 25. Qxd5 Qc7 26. Qxb7 Qxb7
27. Bxb7 Rd8 28. Be4 Bc8 29. Rxa7+ Rd7 30. Rxd7+ Bxd7 31. Nc5 Bb5 32. Bd3 Be8
33. b5 f5 34. b6 Bc6 35. b7 Bxb7 36. Nxb7 e4 37. Bc4 Kf6 38. Nc5 Kg7 39. Nd7
Kh6 40. Kf4 Kg7 41. Be6 Kh6 42. Bxf5 gxf5 43. Kxf5 Kg7 44. Kxe4 Kf7 45. Kf5 Kg7
46. Ke6 Kg6 47. f4 1-0

[Event "Madrid ch - Previa B 2013"]
[Site "Madrid ESP"]
[Date "2013.02.01"]
[Round "1.9"]
[White "Hrybanova, Valeria"]
[Black "Marcos Herrero, Francisco"]
[Result "0-1"]
[WhiteElo "1556"]
[BlackElo "1895"]
[PlyCount "100"]
[EventDate "2013.02.01"]
[EventType "swiss"]
[EventRounds "9"]
[EventCountry "ESP"]
[Source "lmi"]
[SourceDate "2013.02.01"]

1. e4 c5 2. Nf3 d6 3. d3 g6 4. g3 Bg7 5. Bg2 Nc6 6. c3 Nf6 7. Be3 O-O 8. O-O
Bd7 9. Qe2 Qc8 10. Nbd2 Bh3 11. Nh4 Bxg2 12. Nxg2 Ng4 13. Nf3 Nxe3 14. Qxe3 b5
15. Rab1 a5 16. Qe2 b4 17. cxb4 axb4 18. b3 Qa6 19. Rbc1 Qxa2 20. Qxa2 Rxa2 21.
Ne3 Rfa8 22. Rc2 R8a3 23. Rxa2 Rxa2 24. Rb1 Kf8 25. Nd5 Ke8 26. Nc7+ Kd7 27.
Nd5 h6 28. Nb6+ Kd8 29. Nc4 Kc7 30. Re1 Bd4 31. Nxd4 Nxd4 32. Rb1 Nf3+ 33. Kg2
Nd2 34. Nxd2 Rxd2 35. Ra1 Rxd3 36. Ra7+ Kd8 37. Ra8+ Kd7 38. Rb8 Rxb3 39. Kf1
Rb2 40. Ke1 c4 41. Ra8 c3 42. Ra1 c2 43. Kd2 e6 44. Rc1 b3 45. f3 Rb1 46. Rxb1
cxb1=Q 47. Ke3 Qc1+ 48. Kf2 Qd2+ 49. Kg1 b2 50. h3 b1=Q# 0-1

[Event "Madrid ch - Previa B 2013"]
[Site "Madrid ESP"]
[Date "2013.02.01"]
[Round "1.10"]
[White "Garcia Serrano, Jose M. Ii"]
[Black "Vela Martinez, Jose"]
[Result "1-0"]
[WhiteElo "1877"]
[BlackElo "1542"]
[PlyCount "45"]
[EventDate "2013.02.01"]
[EventType "swiss"]
[EventRounds "9"]
[EventCountry "ESP"]
[Source "lmi"]
[SourceDate "2013.02.01"]

1. e4 e5 2. f4 d6 3. Nf3 Nc6 4. Bb5 Bd7 5. d3 exf4 6. Bxf4 g6 7. O-O Bg7 8. Nc3
Nge7 9. Bg5 Qc8 10. Qd2 O-O 11. Bxc6 Nxc6 12. Nd5 f6 13. Bh6 Be6 14. c4 Bxd5
15. cxd5 Bxh6 16. Qxh6 Nb4 17. Nd4 Nxd3 18. Ne6 Rf7 19. Rxf6 Qd7 20. Raf1 Rxf6
21. Rxf6 Ne5 22. Rf8+ Rxf8 23. Qxf8# 1-0

[Event "Madrid ch - Previa B 2013"]
[Site "Madrid ESP"]
[Date "2013.02.01"]
[Round "1.11"]
[White "Torres Alvarez, Augusto J"]
[Black "Plazuelo Pascual, Juan"]
[Result "0-1"]
[WhiteElo "1541"]
[BlackElo "1870"]
[PlyCount "52"]
[EventDate "2013.02.01"]
[EventType "swiss"]
[EventRounds "9"]
[EventCountry "ESP"]
[Source "lmi"]
[SourceDate "2013.02.01"]

1. d4 Nf6 2. c4 e6 3. Nc3 Bb4 4. Bg5 h6 5. Bh4 c5 6. Nf3 Nc6 7. e3 cxd4 8. Nxd4
O-O 9. Be2 b6 10. Qc2 Bb7 11. O-O Nxd4 12. exd4 Be7 13. Bg3 d5 14. Bf3 Qd7 15.
Be2 dxc4 16. Rad1 Rfd8 17. Bxc4 Qc6 18. f3 Qxc4 19. Bf2 Nd5 20. Rfe1 Rac8 21.
Qd2 Bg5 22. Qd3 Nxc3 23. Qxc4 Rxc4 24. bxc3 Rxc3 25. Re2 Bd5 26. h4 Bf6 0-1

[Event "Madrid ch - Previa B 2013"]
[Site "Madrid ESP"]
[Date "2013.02.01"]
[Round "1.12"]
[White "Cano Mercado, Francisco Manuel"]
[Black "Cortijo Manso, Luis"]
[Result "1-0"]
[WhiteElo "1865"]
[BlackElo "1526"]
[PlyCount "37"]
[EventDate "2013.02.01"]
[EventType "swiss"]
[EventRounds "9"]
[EventCountry "ESP"]
[Source "lmi"]
[SourceDate "2013.02.01"]

1. d4 d5 2. c4 c6 3. g3 Nf6 4. Bg2 dxc4 5. Nf3 b5 6. O-O e6 7. a4 Bb7 8. b3
cxb3 9. Qxb3 a6 10. Nc3 b4 11. Bg5 a5 12. e4 Be7 13. Bxf6 Bxf6 14. e5 Be7 15.
Rfe1 O-O 16. Ne4 Qd5 17. Qe3 Na6 18. Nfd2 c5 19. Nf6+ 1-0

[Event "Madrid ch - Previa B 2013"]
[Site "Madrid ESP"]
[Date "2013.02.01"]
[Round "1.13"]
[White "Bento Iglesias, Pablo"]
[Black "Herrero Corada, Jose Ignacio"]
[Result "1-0"]
[WhiteElo "1525"]
[BlackElo "1849"]
[PlyCount "93"]
[EventDate "2013.02.01"]
[EventType "swiss"]
[EventRounds "9"]
[EventCountry "ESP"]
[Source "lmi"]
[SourceDate "2013.02.01"]

1. e4 c6 2. d4 d5 3. e5 Bf5 4. Nc3 h5 5. Bd3 Bxd3 6. Qxd3 e6 7. Bd2 Qb6 8. Na4
Qa6 9. Qb3 Nd7 10. Bb4 Bxb4+ 11. Qxb4 Rc8 12. Nc5 Nxc5 13. Qxc5 Ne7 14. a3 b6
15. Qc3 c5 16. O-O-O cxd4 17. Qxd4 Nf5 18. Qd3 Qa4 19. Ne2 O-O 20. Rd2 Rc4 21.
Kb1 Re4 22. Nc3 Qa5 23. Nxe4 dxe4 24. Qe2 b5 25. Rhd1 b4 26. axb4 Qxb4 27. Rd8
g6 28. Rxf8+ Kxf8 29. Qd2 Qxd2 30. Rxd2 e3 31. fxe3 Nxe3 32. Re2 Nd5 33. Ka2
Ke7 34. g3 Nb4+ 35. Kb3 Nc6 36. Re4 Kd7 37. Kc4 Na5+ 38. Kb5 Nb7 39. Rf4 Ke7
40. Rc4 Kd7 41. Ka6 Nd8 42. Kxa7 Nc6+ 43. Rxc6 Kxc6 44. Ka6 Kd5 45. b4 Kxe5 46.
b5 Kd6 47. b6 1-0

[Event "Madrid ch - Previa B 2013"]
[Site "Madrid ESP"]
[Date "2013.02.01"]
[Round "1.14"]
[White "Arroyo Fernandez, Francisco J"]
[Black "Ojosnegros Martin, Angel"]
[Result "1/2-1/2"]
[WhiteElo "1840"]
[BlackElo "1522"]
[PlyCount "43"]
[EventDate "2013.02.01"]
[EventType "swiss"]
[EventRounds "9"]
[EventCountry "ESP"]
[Source "lmi"]
[SourceDate "2013.02.01"]

1. d4 d5 2. Bf4 e6 3. e3 Nf6 4. Nd2 b6 5. Ngf3 Bb7 6. Bd3 Nbd7 7. O-O Be7 8. a4
O-O 9. Ne5 a6 10. Nxd7 Qxd7 11. Be5 c5 12. c3 c4 13. Bc2 Qd8 14. Qf3 b5 15. Qh3
g6 16. axb5 axb5 17. Qh6 Re8 18. Nf3 Bf8 19. Qh4 Bg7 20. Rxa8 Bxa8 21. Ra1 h5
22. Qf4 1/2-1/2

[Event "Madrid ch - Previa B 2013"]
[Site "Madrid ESP"]
[Date "2013.02.01"]
[Round "1.15"]
[White "Roman Garcia, Jose Luis"]
[Black "Ordoñez Morales, Alberto"]
[Result "0-1"]
[WhiteElo "1512"]
[BlackElo "1836"]
[PlyCount "68"]
[EventDate "2013.02.01"]
[EventType "swiss"]
[EventRounds "9"]
[EventCountry "ESP"]
[Source "lmi"]
[SourceDate "2013.02.01"]

1. e4 e6 2. Nf3 d5 3. exd5 exd5 4. d4 Nf6 5. Bd3 Bg4 6. h3 Bh5 7. Bf4 Nc6 8. c3
Bd6 9. Bxd6 Qxd6 10. Nbd2 O-O-O 11. g4 Rde8+ 12. Be2 Bg6 13. Nh4 Bd3 14. Ne4
Bxe4 15. f3 Qg3+ 16. Kd2 Qf4+ 17. Ke1 Bxf3 18. Nxf3 Qxf3 19. Rf1 Qxh3 20. Kd2
Qe3+ 21. Ke1 Nxg4 22. Qd2 Qg3+ 23. Kd1 Ne3+ 24. Kc1 Nxf1 25. Qd1 Qe3+ 26. Kc2
Qxe2+ 27. Qxe2 Rxe2+ 28. Kb3 Nd2+ 29. Ka4 a6 30. b3 Ne4 31. c4 Nc3+ 32. Ka3
Nxa2 33. Rxa2 Rxa2+ 34. Kxa2 dxc4 0-1

[Event "Madrid ch - Previa B 2013"]
[Site "Madrid ESP"]
[Date "2013.02.01"]
[Round "1.16"]
[White "Merino Araguas, Jose Javier"]
[Black "Soto Martin, Miguel"]
[Result "1/2-1/2"]
[WhiteElo "1829"]
[BlackElo "1497"]
[PlyCount "110"]
[EventDate "2013.02.01"]
[EventType "swiss"]
[EventRounds "9"]
[EventCountry "ESP"]
[Source "lmi"]
[SourceDate "2013.02.01"]

1. d4 Nf6 2. c4 g6 3. Nc3 Bg7 4. g3 O-O 5. Bg2 d6 6. Nf3 Nbd7 7. O-O e5 8. e4
c6 9. h3 a5 10. Re1 exd4 11. Nxd4 Nc5 12. Nb3 Ne6 13. a4 Qd7 14. Be3 Qc7 15.
Qc2 Rd8 16. Rad1 Nf8 17. Nd4 N8d7 18. b3 Nc5 19. Nde2 Na6 20. Qd2 Be6 21. Nf4
Nc5 22. Qc2 Qb6 23. Nxe6 fxe6 24. Rb1 d5 25. cxd5 cxd5 26. exd5 Rac8 27. dxe6
Qb4 28. e7 Re8 29. Nd5 Nxd5 30. Bxd5+ Kh8 31. Bxc5 Rxc5 32. Bc4 Rc7 33. Rbd1
Rcxe7 34. Rxe7 Qxe7 35. Bb5 Rf8 36. Qe2 Qf7 37. Bc4 Qf5 38. Kg2 Qf6 39. Bd5 Qb6
40. Qe3 Qc7 41. Rc1 Qd7 42. Qe6 Qxe6 43. Bxe6 b6 44. Rc8 Rxc8 45. Bxc8 Kg8 46.
Kf3 Kf7 47. Ke4 Bf8 48. f4 Kf6 49. g4 h6 50. Kd5 Bc5 51. Ke4 g5 52. Ba6 Bb4 53.
fxg5+ Kxg5 54. Kf3 Kh4 55. Bf1 Bc5 1/2-1/2

[Event "Madrid ch - Previa B 2013"]
[Site "Madrid ESP"]
[Date "2013.02.01"]
[Round "1.17"]
[White "Escanciano Reyero, Daniel"]
[Black "Dominguez Alfara, Miguel"]
[Result "1/2-1/2"]
[WhiteElo "1498"]
[BlackElo "1823"]
[PlyCount "73"]
[EventDate "2013.02.01"]
[EventType "swiss"]
[EventRounds "9"]
[EventCountry "ESP"]
[Source "lmi"]
[SourceDate "2013.02.01"]

1. e4 e5 2. Nf3 Nf6 3. Nc3 Nc6 4. Bc4 Nxe4 5. Bxf7+ Kxf7 6. Nxe4 d5 7. Nc3 e4
8. Ng1 Qg5 9. g3 Bg4 10. d3 Bxd1 11. Bxg5 Bxc2 12. dxe4 dxe4 13. Nge2 Bc5 14.
Be3 Bb4 15. O-O Bd3 16. Rfe1 Ne5 17. Kg2 Nc4 18. Bc1 Rae8 19. b3 Ne5 20. Bb2 c6
21. Red1 Bc2 22. Rd2 Bd3 23. Nf4 a6 24. Re1 g5 25. Nxd3 Nxd3 26. Re3 Rd8 27.
Rc2 Rhe8 28. a3 Bc5 29. Ree2 Nxb2 30. Rxb2 Bxa3 31. Ra2 Rd3 32. Nxe4 Be7 33. b4
Rb3 34. Rad2 Rxb4 35. Rd7 Ke6 36. Nc5+ Kf6 37. Nxb7 1/2-1/2

[Event "Madrid ch - Previa B 2013"]
[Site "Madrid ESP"]
[Date "2013.02.01"]
[Round "1.19"]
[White "Morona Calvo, Virgilio"]
[Black "Alonso Herrero, Ignacio"]
[Result "0-1"]
[WhiteElo "1492"]
[BlackElo "1789"]
[PlyCount "48"]
[EventDate "2013.02.01"]
[EventType "swiss"]
[EventRounds "9"]
[EventCountry "ESP"]
[Source "lmi"]
[SourceDate "2013.02.01"]

1. e4 c5 2. Nf3 d6 3. d4 cxd4 4. Nxd4 Nc6 5. Nc3 e5 6. Nf3 Nf6 7. Bg5 Be7 8.
Bxf6 Bxf6 9. Nd5 Bg4 10. c3 O-O 11. Be2 Be7 12. h3 Be6 13. Bc4 Kh8 14. O-O Qd7
15. a3 f5 16. exf5 Bxf5 17. b4 Rad8 18. Re1 e4 19. Nd4 Bf6 20. Bb3 Bxh3 21.
gxh3 Qxh3 22. Rxe4 Be5 23. Ra2 Bh2+ 24. Kh1 Bg3+ 0-1

[Event "Madrid ch - Previa B 2013"]
[Site "Madrid ESP"]
[Date "2013.02.01"]
[Round "1.20"]
[White "Leniz Martinez, Francisco"]
[Black "Martin Rodriguez, Jose Luis"]
[Result "1-0"]
[WhiteElo "1779"]
[BlackElo "1452"]
[PlyCount "97"]
[EventDate "2013.02.01"]
[EventType "swiss"]
[EventRounds "9"]
[EventCountry "ESP"]
[Source "lmi"]
[SourceDate "2013.02.01"]

1. e4 e6 2. d3 d5 3. Nd2 c5 4. g3 Nc6 5. Bg2 Nf6 6. Ngf3 Be7 7. O-O O-O 8. Re1
Qc7 9. e5 Nd7 10. Qe2 b5 11. Nf1 Rb8 12. h4 Nd4 13. Nxd4 cxd4 14. Bf4 Bb7 15.
Nh2 Qd8 16. Qg4 Kh8 17. Nf3 Rg8 18. Re2 Rc8 19. Kh2 Qe8 20. Rh1 Nf8 21. Kg1 f5
22. Qh3 Qg6 23. h5 Qg4 24. Qxg4 fxg4 25. Nxd4 a6 26. Rd2 Bc5 27. Nb3 Bb6 28.
Be3 Bxe3 29. fxe3 Nd7 30. d4 Rc7 31. Bf1 Rgc8 32. Bd3 Rf8 33. Rf2 Rxf2 34. Kxf2
Nb6 35. Na5 Nc4 36. Bxc4 dxc4 37. Nxb7 Rxb7 38. Ke2 Rf7 39. Rf1 Kg8 40. Rxf7
Kxf7 41. e4 g6 42. hxg6+ Kxg6 43. Ke3 b4 44. Kf4 h5 45. d5 Kf7 46. a4 Ke7 47.
Kg5 Kd7 48. Kxh5 Kc7 49. Kxg4 1-0

[Event "Madrid ch - Previa B 2013"]
[Site "Madrid ESP"]
[Date "2013.02.01"]
[Round "1.21"]
[White "Lopez Ziegler, Juan Jose"]
[Black "Sebastian Enesco, Alex"]
[Result "1/2-1/2"]
[WhiteElo "1451"]
[BlackElo "1771"]
[PlyCount "58"]
[EventDate "2013.02.01"]
[EventType "swiss"]
[EventRounds "9"]
[EventCountry "ESP"]
[Source "lmi"]
[SourceDate "2013.02.01"]

1. d4 d5 2. Nf3 Nf6 3. Bf4 e6 4. e3 Be7 5. Nbd2 O-O 6. c3 c5 7. Bd3 Nc6 8. Ne5
cxd4 9. exd4 Nxe5 10. dxe5 Nd7 11. Qh5 g6 12. Qg4 Nc5 13. Bc2 h5 14. Qh3 Bg5
15. g3 Kg7 16. Rg1 Rh8 17. O-O-O b5 18. b4 Na4 19. Bxa4 bxa4 20. a3 a5 21. Ne4
Bxf4+ 22. gxf4 axb4 23. cxb4 Qc7+ 24. Nc5 Bd7 25. Kd2 Rac8 26. Rc1 Qa7 27. Qe3
d4 28. Qxd4 Rhd8 29. Ke3 Rc7 1/2-1/2

[Event "Madrid ch - Previa B 2013"]
[Site "Madrid ESP"]
[Date "2013.02.01"]
[Round "1.22"]
[White "Yeves Miquel, Enrique"]
[Black "Villarroya Samaniego, Javier"]
[Result "1-0"]
[WhiteElo "1742"]
[BlackElo "1275"]
[PlyCount "71"]
[EventDate "2013.02.01"]
[EventType "swiss"]
[EventRounds "9"]
[EventCountry "ESP"]
[Source "lmi"]
[SourceDate "2013.02.01"]

1. d4 Nf6 2. c4 g6 3. Nc3 Bg7 4. e4 d6 5. Nf3 O-O 6. Be2 Nbd7 7. O-O c5 8. d5
a6 9. h3 Nb6 10. Qc2 Nfd7 11. Bf4 Rb8 12. Rab1 f5 13. exf5 Rxf5 14. Be3 Ne5 15.
Nxe5 Bxe5 16. Bg4 Rf7 17. Bxc8 Qxc8 18. Ne4 Qf5 19. g4 Qf3 20. Ng5 Qf6 21. Nxf7
Qxf7 22. f4 Bf6 23. b4 Nd7 24. a4 b6 25. g5 Bg7 26. f5 Rb7 27. fxg6 Qxg6 28.
Qxg6 hxg6 29. bxc5 dxc5 30. a5 b5 31. cxb5 axb5 32. Rfc1 c4 33. a6 Rb8 34. a7
Ra8 35. Rxb5 Be5 36. Rxc4 1-0

[Event "Madrid ch - Previa B 2013"]
[Site "Madrid ESP"]
[Date "2013.02.01"]
[Round "1.23"]
[White "Di Pietro Moreno, Fatima"]
[Black "Fernandez Rodriguez, Fernando J"]
[Result "0-1"]
[WhiteElo "1273"]
[BlackElo "1733"]
[PlyCount "76"]
[EventDate "2013.02.01"]
[EventType "swiss"]
[EventRounds "9"]
[EventCountry "ESP"]
[Source "lmi"]
[SourceDate "2013.02.01"]

1. e4 e5 2. Nf3 Nc6 3. Bc4 Be7 4. d3 Nf6 5. O-O O-O 6. c3 d6 7. a4 a5 8. Nbd2
h6 9. Re1 Bg4 10. h3 Bh5 11. Nf1 Qd7 12. Ng3 Bg6 13. Nh4 Bh7 14. Nhf5 Rad8 15.
Qf3 Rfe8 16. Nh5 Nxh5 17. Qxh5 Bf6 18. Qg4 Kh8 19. h4 Bxf5 20. exf5 d5 21. Bb3
Ne7 22. Qh5 Qxf5 23. Qxf5 Nxf5 24. g3 g5 25. h5 Ng7 26. g4 Ne6 27. Re3 d4 28.
Rf3 Kg7 29. Bd2 b6 30. Re1 Rd6 31. c4 Nc5 32. Bd1 e4 33. dxe4 Nxe4 34. Rd3 Nxd2
35. Rxd2 Rxe1+ 36. Kg2 d3 37. f3 Be5 38. Kf2 Rh1 0-1

[Event "Madrid ch - Previa B 2013"]
[Site "Madrid ESP"]
[Date "2013.02.01"]
[Round "1.24"]
[White "Lianes Garcia, Marcos"]
[Black "Lopez Garralon, Jorge"]
[Result "1-0"]
[WhiteElo "1724"]
[BlackElo "1270"]
[PlyCount "155"]
[EventDate "2013.02.01"]
[EventType "swiss"]
[EventRounds "9"]
[EventCountry "ESP"]
[Source "lmi"]
[SourceDate "2013.02.01"]

1. e4 d6 2. d4 Nf6 3. f3 Nbd7 4. c4 e5 5. d5 c6 6. Nc3 Be7 7. Be3 a5 8. Nge2
Qc7 9. Rc1 Nf8 10. Qb3 Bd7 11. Na4 c5 12. Nac3 h6 13. Nb5 Qb6 14. Nec3 Bxb5 15.
Qxb5+ Qxb5 16. Nxb5 Rb8 17. Rc3 g5 18. Be2 Ng6 19. Nc7+ Kd7 20. Nb5 g4 21. Ra3
gxf3 22. gxf3 b6 23. Bf1 Rb7 24. Bh3+ Kd8 25. Nc3 Nh4 26. Kf2 Bf8 27. Rg1 Rg8
28. Rxg8 Nxg8 29. Ne2 f6 30. Rb3 Ne7 31. Bd2 Kc7 32. Kg3 Nhg6 33. Nc3 Nc8 34.
Nd1 Kb8 35. Nf2 h5 36. Nd3 Nce7 37. a4 Ka7 38. Ra3 Ng8 39. Ra1 Rg7 40. Kf2 Nh4
41. Nc1 Ne7 42. Ne2 f5 43. Nc3 Kb7 44. Nb5 Rg6 45. Nc3 f4 46. Rd1 Ng8 47. Nb1
Nh6 48. Bc3 Nf7 49. Nd2 Be7 50. Rg1 Rxg1 51. Kxg1 Nh6 52. Be6 Ng6 53. Bd7 h4
54. Kg2 Bg5 55. Kh3 Kc7 56. Be8 Ne7 57. Nb1 Nhg8 58. Be1 Nf6 59. Bf7 Nh7 60.
Bxh4 Bxh4 61. Kxh4 Kd7 62. Kh5 Nf8 63. Kh6 Nc8 64. Kg7 Ke7 65. h4 Nd7 66. Be6
Kd8 67. Bxd7 Kxd7 68. h5 Ne7 69. h6 Nc8 70. h7 Ne7 71. h8=Q Kc7 72. Qe8 Nc8 73.
Qc6+ Kb8 74. Nc3 Na7 75. Qxb6+ Ka8 76. Nb5 Nc8 77. Qc7 Nb6 78. Qa7# 1-0

[Event "Madrid ch - Previa B 2013"]
[Site "Madrid ESP"]
[Date "2013.02.01"]
[Round "1.25"]
[White "Caravantes Camacho, Fernando"]
[Black "Herranz Sanchez, Pablo"]
[Result "1-0"]
[WhiteElo "1817"]
[BlackElo "1722"]
[PlyCount "57"]
[EventDate "2013.02.01"]
[EventType "swiss"]
[EventRounds "9"]
[EventCountry "ESP"]
[Source "lmi"]
[SourceDate "2013.02.01"]

1. e4 c5 2. Nc3 Nc6 3. f4 e6 4. Nf3 d6 5. Bb5 Nge7 6. O-O a6 7. Bxc6+ Nxc6 8.
d3 g6 9. Be3 Bg7 10. d4 cxd4 11. Nxd4 O-O 12. Nce2 Re8 13. Qd2 Qc7 14. Rad1
Nxd4 15. Nxd4 Bd7 16. c3 Rad8 17. f5 e5 18. f6 exd4 19. fxg7 dxe3 20. Qxe3 Bc6
21. Rf4 d5 22. Rh4 Rxe4 23. Rxe4 dxe4 24. Rf1 Rd3 25. Qg5 Qb6+ 26. Kh1 Qxb2 27.
Qe7 Kxg7 28. Rxf7+ Kh6 29. Qh4# 1-0